000 00555nam a2200217Ia 4500
003 OSt
005 20220928142331.0
006 a|||||r|||| 00| 0
007 ta
008 220927b |||||||| |||| 00| 0 eng d
024 _a19059
037 _cTextual
040 _aSDCL
_cSDCL
_beng
041 _2eng
_aeng
082 _aP,9D, L9
100 _aIsrael Joachim
_9503183
245 0 _aLanguage of dialectics and the dialectics of language.
260 _c1979
942 _hP,9D, L9
_cTEXL
_2CC
999 _c821262
_d821262